Một số quan điểm khác nhau về định nghĩa và đối tượng tác động của tội giết người /
Tallennettuna:
| Päätekijä: | |
|---|---|
| Aineistotyyppi: | Artikkeli |
| Kieli: | Vietnamese |
| Aiheet: | |
| Tagit: |
Lisää tagi
Ei tageja, Lisää ensimmäinen tagi!
|
| Thư viện lưu trữ: | Thư viện Trường Đại học Đà Lạt |
|---|
| LEADER | 00826nam a2200277 4500 | ||
|---|---|---|---|
| 001 | DLU060051808 | ||
| 040 | # | # | |a DLU |b vie |
| 041 | # | # | |a vie |
| 044 | # | # | |a vn |
| 100 | # | # | |a Đỗ Đức Hồng Hà |
| 245 | # | # | |a Một số quan điểm khác nhau về định nghĩa và đối tượng tác động của tội giết người / |c Đỗ Đức Hồng Hà |
| 653 | # | # | |a Bộ luật hình sự |
| 653 | # | # | |a Hình phạt |
| 653 | # | # | |a Tội phạm |
| 773 | # | # | |t Toà án nhân dân |g Số 13, 2004, tr.15-17 |
| 920 | # | # | |a Phòng Tạp chí -- Trung tâm Thông tin - Thư viện Trường Đại học Đà Lạt |
| 933 | # | # | |a CT, TN |
| 994 | # | # | |a DLU |
| 900 | # | # | |a True |
| 911 | # | # | |a Nguyễn Thị Yên |
| 925 | # | # | |a G |
| 926 | # | # | |a A |
| 927 | # | # | |a BB |
| 980 | # | # | |a Thư viện Trường Đại học Đà Lạt |